• 首页
  • 本馆介绍
  • 公告通知
  • 最新文献
  • 馆藏检索
  • 电子资源
  • 读者导购
  • 参考咨询
  • 我的图书馆
  • 登录
  • 详细信息显示
  • 放入我的书架
  • 预约/预借图书
  • 作者相关作品
  • 分类相关作品
  • 丛书相关作品
  • 出版社相关作品

书目信息

  • 表格格式
  • 工作单格式
  • 卡片格式
题名:
磷灰石矿物材料
    
 
作者: 黄志良 主编
分册:  
出版信息: 北京   化学工业出版社  2008
页数: 292页
开本: 26cm
丛书名:
单 册:
中图分类: P578.92
科图分类:
主题词: 磷灰石--非金属矿物--工程材料 , 磷灰石 , 非金属矿物 , 工程材料
电子资源:
ISBN: 978-7-122-03493-9
000 00910nam0 2200265 45
001 1033015281
005 20100407171423.57
010    @a978-7-122-03493-9@dCNY68.00
100    @a20100331d2008 ekmy0chiy0120 ea
101 0  @achi
102    @aCN@b110000
105    @aa z 000yy
106    @ar
200 1  @a磷灰石矿物材料@ALin Hui Shi Kuang Wu Cai Liao@f黄志良主编@FHuang Zhi Liang Zhu Bian
210    @a北京@c化学工业出版社@d2008
215    @a292页@c图@d26cm
330    @a本书以磷灰岩资源和矿物学特征及其选矿提纯工艺为研究对象,以溶液湿化学法改性合成为特点,以具有生物、化学分离、环保、催化功能材料的制备为重点,介绍了磷灰石矿物材料的相关知识。
606 0  @a磷灰石@x非金属矿物@x工程材料
606 0  @a磷灰石
606 0  @a非金属矿物
606 0  @a工程材料
690    @aP578.92@v4
701  0 @a黄志良@AHuang Zhi Liang@4主编
801  0 @aCN@bTANGWEI@c20100407
905    @b0587520-24@dP578.92@e107@f5
    
    磷灰石矿物材料/黄志良主编.-北京:化学工业出版社,2008
    292页:图;26cm
    
    
    ISBN 978-7-122-03493-9:CNY68.00
    本书以磷灰岩资源和矿物学特征及其选矿提纯工艺为研究对象,以溶液湿化学法改性合成为特点,以具有生物、化学分离、环保、催化功能材料的制备为重点,介绍了磷灰石矿物材料的相关知识。
●
相关链接 在E读中查询图书 在五车中查询图书 在当当中查询图书 在豆瓣中查询图书


正题名:磷灰石矿物材料     索取号:P578.92/107         预约/预借

序号 登录号 条形码 馆藏地/架位号 状态 备注
1 0587520   205875203   第二样本阅览室/ [索取号:P578.92/107] 在馆    
2 0587521   205875212   第三借阅区/ [索取号:P578.92/107] 在馆    
3 0587522   205875221   第三借阅区/ [索取号:P578.92/107] 在馆    
4 0587523   205875230   第三借阅区/ [索取号:P578.92/107] 在馆    
5 0587524   205875249   第三借阅区/ [索取号:P578.92/107] 在馆    
唐山师范学院图书馆 欢迎您!
大连网信软件有限公司© 版权所有